zpět

Detail výsledku týmu

Restaurace Neptun, Liberec

Datum a čas kvízu

36 Celkem bodů Celkový počet nahraných bodů na tomto kvízu bez doplňovacích otázek.
2. Pořadí na kvízu Konečné umístění týmu na tomto kvízu.

Zaznamenané odpovědi

# Otázka Odpověď Body Výsledky
1. Jeden z ministrů české vlády m... Oto Klempíř 1
2. Americká influencerka Gwyneth... Robertem Ficem 1
3. Představitel kapitána Kirka ze... D) heavy metal 1
4. V pátek byla oznámena fúze dvo... Paramount (Skydance), Warner Bros. (Discovery) 1
5. Armand Duplantis, světový reko... C 0
6. Název „Pyrenejský poloostrov“... Iberský poloostrov 1
7. Vyberte správné tvrzení týkají... A 1
8. Níže vidíte na mapě jisté auto... Andalusie, Sevilla 1
9. Jak se jmenuje portugalský mys... C 1
10. Hledáme název ikonické stavby... Belémská věž 0